000 00510nam a2200217Ia 4500
003 OSt
005 20220924150239.0
006 a|||||r|||| 00| 0
007 ta
008 220923b |||||||| |||| 00| 0 snd d
024 _a332521
037 _cTextual
040 _aARTS
_cARTS
_bsnd
041 _2snd
_asnd
082 _aO15:g, 1593K0
245 0 _aRusu ain bhau
260 _c1960
650 _aSANSKRIT LITERATURE
942 _hO15:g, 1593K0
_cTEXL
_2CC
999 _c462751
_d462751